Todo lo vence el amor, ó la pata de cabra (Record no. 173814)

MARC details
000 -LEADER
campo de control de longitud fija 00752nam a22001695i 4500
001 - NÚMERO DE CONTROL
campo de control 173814
003 - IDENTIFICADOR DE NÚMERO DE CONTROL
campo de control ES-MaACL
005 - FECHA Y HORA DE LA ÚLTIMA TRANSACCIÓN
campo de control 20230906215343.0
008 - DATOS DE LONGITUD FIJA--INFORMACIÓN GENERAL
campo de control de longitud fija 100122s1841 sp |||| | spa d
080 ## - NÚMERO DE LA CLASIFICACIÓN DECIMAL UNIVERSAL
Número de la Clasificación Decimal Universal 821.134.2-22"18"
100 1# - ENTRADA PRINCIPAL--NOMBRE DE PERSONA
Nombre de persona Grimaldi, Juan de.
9 (RLIN) 142008
245 10 - MENCIÓN DEL TÍTULO
Título Todo lo vence el amor, ó la pata de cabra
Resto del título : melo-mimo-drama mitológico-burlesco de magia y de grande espectáculo en tres actos /
Mención de responsabilidad, etc. por Juan de Grimaldi.
250 ## - MENCION DE EDICION
Mención de edición 3ª ed.
260 ## - PUBLICACIÓN, DISTRIBUCIÓN, ETC.
Lugar de publicación, distribución, etc. Madrid :
Nombre del editor, distribuidor, etc. [Manuel Delgado],
Fecha de publicación, distribución, etc. 1841 (
Fabricante Imp. de Repullés)
300 ## - DESCRIPCIÓN FÍSICA
Extensión 60 p. ;
Dimensiones 17 cm.
852 ## - LOCALIZACIÓN
Ubicación ES-MaACL
Número de control de estantería F-8616(9)
Nota libre .- Enc. pasta española
condición física .- Falto de la cub. original
Nota libre .- Enc. en un vol. facticio formando parte de la col. facticia "Teatro español moderno", vol. 71
Holdings
Estatus retirado Estado de pérdida Estado de daño No para préstamo Colección Biblioteca de origen Biblioteca actual Ubicación en estantería Fecha de adquisición Fuente de adquisición Total de préstamos Signatura topográfica completa Código de barras Visto por última vez Precio de reemplazo Tipo de ítem Koha
        Libros del s. XIX Biblioteca del Ateneo de Madrid Biblioteca del Ateneo de Madrid Sala Pecera Planta 2 22/01/2010     F-8616(9) 1182445 23/02/2023 23/02/2023 Libro impreso antiguo